Tilastot visalle Formula 1 - Suomalaisten kuljettajien tallit

Klikkaa tästä pelataksesi tätä visaa!

Yleistilastot

  • Tätä visaa on pelattu 96 kertaa
    (27 viimeisimmän päivityksen jälkeen)
  • Keskiarvotulos 18 / 34

Vastaustilastot

KuljettajaVuosinaTalli% Oikein
Kimi Räikkönen
2007-2009, 2014-2018
Ferrari
100%
Mika Salo1999Ferrari
100%
Valtteri Bottas2022-2023Alfa Romeo
90%
Kimi Räikkönen2019-2021Alfa Romeo
90%
Mika Häkkinen1993-2001McLaren
90%
Heikki Kovalainen2008-2009McLaren
90%
Keke Rosberg1986McLaren
90%
Kimi Räikkönen2002-2006McLaren
90%
Valtteri Bottas2017-2021Mercedes
90%
Kimi Räikkönen2012-2013Lotus
81%
Mika Salo1994Lotus
81%
Heikki Kovalainen2013Lotus
81%
Mika Häkkinen1991-1992Lotus
81%
Valtteri Bottas
2013-2016
Williams
81%
Keke Rosberg1982-1985Williams
81%
Kimi Räikkönen2001Sauber
67%
Mika Salo2000Sauber
67%
Valtteri Bottas2024-Sauber
67%
JJ Lehto1993, 1994Sauber
67%
Heikki Kovalainen2007Renault
43%
Mika Salo2002Toyota
33%
JJ Lehto1994Benetton
29%
Heikki Kovalainen2010-2012Caterham
29%
Mika Salo1995-1997Tyrrell
24%
Mika Salo1998Arrows
19%
Keke Rosberg1980-1981Fittipaldi
19%
Keke Rosberg1978ATS
10%
Mika Salo1999BAR
10%
JJ Lehto1991-1992Dallara
10%
JJ Lehto1989-1990Onyx
10%
Leo Kinnunen1974Surtees
10%
Keke Rosberg1978Theodore
10%
Mikko Kozarowitzky1977March
5%
Keke Rosberg1978-1979Wolf
5%

Tulosjakauma

Persentiili vastausten määrän mukaan

Jokaisen tuloksen saaneiden osuus

Tuloshistoriasi

Et ole pelannut tätä visaa sen viimeisimmän päivityksen jälkeen